000 00273nam a2200097Ia 4500
001 1253623
005 20251031150957.0
008 251031s9999 xx 000 0 und d
245 0 _cESRA BAHADIR CESAR
_aY-9 HARİTA KORUYUCULARI GEÇMİŞTEN GELEN
260 _bERDEM YAYINLARI
999 _c1253623
_d1253623